000 01103nam a2200277 a 4500
001 000008732
003 DO-SdBNP
005 20240412074208.0
008 090918s1992 dr ac 000 0 spa d
020 _a9789945162080
040 _aDO-SdBNP
_bspa
_cBNPHU
082 4 _a972.9358
_bC227o
_222
100 1 _aCano, Telésforo
_923250
245 1 0 _aOdiseas accidentadas y recursos educativos /
_cTelésforo Cano ; introducción Pedro R. Vázquez y Vázquez ; prólogo Virgilio Hoepelman.
260 _aSanto Domingo :
_bTaller,
_c1992.
300 _a269 p. :
_bil., retrs. ;
_c22 cm.
500 _aLa biblioteca posee 3 ejemplares autografiados por el autor
650 4 _aCiudades y pueblos
_zRepública Dominicana
_xHistoria
_98393
650 0 _aLiteratura dominicana.
_967
651 4 _aPuerto Plata ( República Dominicana)
_xVida social y costumbres
_923251
651 4 _aPuerto Plata (República Dominicana)
_xHistoria l
_91943
700 1 2 _aVázquez y Vázquez, Pedro,
_923252
700 1 2 _aHoepelman, Virgilio,
_epról.
_911257
910 _aValidado. Control de la calidad EMS
942 _2ddc
_cLBS1
999 _c8502
_d8502